Fixed Income,Derivatives,and Alternative Investments. CFA / (Record no. 617255)

000 -LEADER
fixed length control field 00428nam a22001457a 4500
020 ## - INTERNATIONAL STANDARD BOOK NUMBER
Qualifying information PB.
040 ## - CATALOGING SOURCE
Transcribing agency FIZZA ISHAQ
082 ## - DEWEY DECIMAL CLASSIFICATION NUMBER
Classification number 658.5
Author Mark SCH
100 ## - MAIN ENTRY--PERSONAL NAME
Personal name Schweser,Kaplan.
9 (RLIN) 134279
245 ## - TITLE STATEMENT
Title Fixed Income,Derivatives,and Alternative Investments. CFA /
Statement of responsibility, etc. Kaplan, Schweser.
250 ## - EDITION STATEMENT
Edition statement Level 1
260 ## - PUBLICATION, DISTRIBUTION, ETC.
Place of publication, distribution, etc. America :
Name of publisher, distributor, etc. Kaplan Schweser ,
Date of publication, distribution, etc. 2008.
300 ## - PHYSICAL DESCRIPTION
Extent 292 P. ; index inc,
Dimensions 10.2 x 8.3 x 0.6 in
942 ## - ADDED ENTRY ELEMENTS (KOHA)
Source of classification or shelving scheme
Koha item type Book
Holdings
Withdrawn status Lost status Source of classification or shelving scheme Damaged status Not for loan Permanent Location Current Location Shelving location Date acquired Total Checkouts Full call number Barcode Date last seen Price effective from Koha item type
          NUST Baluchistan Campus (NBC) NUST Baluchistan Campus (NBC) General Stacks 04/29/2026   658.5 SCH QD-232 04/29/2026 04/29/2026 Book
© 2023 Central Library, National University of Sciences and Technology. All Rights Reserved.